[Event "Biel"]
[Site "Biel"]
[Date "2004.07.20"]
[Round "2"]
[White "Morozevich, Alexander"]
[Black "Bacrot, Etienne"]
[Result "1-0"]
[WhiteElo "2743"]
[BlackElo "2712"]
[PlyCount "61"]
[EventDate "2004.07.19"]
[SourceDate "2004.08.05"]

1. e4 e5 2. Nf3 Nc6 3. Bb5 a6 4. Ba4 Nf6 5. d3 b5 6. Bb3 Be7 7. c3 O-O 8. Nbd2 d5 9. O-O Bb7 10. Re1 dxe4 11. dxe4 Bc5 12. h3 Nh5 13. Bd5 Qf6 14. a4 Nf4 15. Nb3 Bb6 16. Bxf4 Qxf4 17. Qe2 bxa4 18. Rxa4 Rfd8 19. Rc4 Rd6 20. Nc5 Bxc5 21. Rxc5 Rad8 22. b4 Rg6 23. Qe3 Rgd6 24. Qxf4 exf4 25. Ra1 Kf8 26. c4 Rb8 27. Rb1 Ba8 28. e5 Rh6 29. e6 Rb6 30. exf7 Rh5 31. Re1 1-0

[Event "1st ACP World Rapid Cup"]
[Site "Odessa UCR"]
[Date "2007.01.06"]
[Round "1.4"]
[White "Harikrishna, P."]
[Black "Morozevich, A."]
[Result "1-0"]
[WhiteElo "2673"]
[BlackElo "2741"]
[PlyCount "87"]
[EventDate "2007.01.05"]
[Source "www.chesslib.no"]
[SourceDate "2004.05.04"]

1. e4 e5 2. Nf3 Nc6 3. Bb5 a6 4. Ba4 Nf6 5. d3 Bc5 6. c3 b5 7. Bc2 d6 8. O-O O-O 9. h3 Bb6 10. Nbd2 Ne7 11. Re1 Ng6 12. Nf1 Re8 13. Ng3 Bb7 14. Be3 Bxe3 15. fxe3 c5 16. Rf1 Qc7 17. Qe2 c4 18. dxc4 bxc4 19. Nd2 d5 20. exd5 Bxd5 21. Rxf6 gxf6 22. Rf1 Reb8 23. Be4 Bxe4 24. Ndxe4 Rb6 25. Nxf6+ Rxf6 26. Rxf6 Rd8 27. Nf5 Rd7 28. Qf3 Qd8 29. Rxa6 e4 30. Qg3 Rd1+ 31. Kh2 Kf8 32. Rd6 Rxd6 33. Qxd6+ Qxd6+ 34. Nxd6 Ne5 35. Nxe4 Ke7 36. Nd2 Kd6 37. b3 cxb3 38. axb3 Nd3 39. Kg3 Nc1 40. Kf3 Na2 41. Nb1 Nc1 42. Nd2 Na2 43. c4 Nc3 44. Ne4+ 1-0

[Event "XIX Carlos Torre Mem KO"]
[Site "Merida MES"]
[Date "2006.12.21"]
[Round "4.3"]
[White "Bruzon, L."]
[Black "Ivanchuk, V."]
[Result "1/2-1/2"]
[WhiteElo "2648"]
[BlackElo "2741"]
[PlyCount "82"]
[EventDate "2006.12.18"]
[Source "www.chesslib.no"]
[SourceDate "2004.05.04"]

1. e4 e5 2. Nf3 Nc6 3. Bb5 a6 4. Ba4 Nf6 5. d3 d6 6. c3 g6 7. O-O Bg7 8. Nbd2 O-O 9. Re1 Re8 10. Nf1 h6 11. Bd2 b5 12. Bc2 Bb7 13. d4 d5 14. exd5 Qxd5 15. Bb3 Qd6 16. dxe5 Nxe5 17. Nxe5 Rxe5 18. Rxe5 Qxe5 19. Be3 Re8 20. Qd2 Ne4 21. Qd7 Re7 22. Qd8+ Kh7 23. Rd1 Nc5 24. Bc2 Re8 25. Qd2 Qe7 26. Ng3 Ne6 27. Qd7 Qf8 28. Qd2 Rd8 29. Qe1 c5 30. h4 Kg8 31. h5 g5 32. Nf5 c4 33. Qe2 Rxd1+ 34. Qxd1 Qd8 35. Qg4 Bf8 36. Bd4 Nxd4 37. cxd4 Qf6 38. Ne3 Qe6 39. Bf5 Qf6 40. Bc2 Qe6 41. Bf5 Qf6 1/2-1/2

[Event "Sochi RUS"]
[Site "?"]
[Date "2006.04.29"]
[Round "10"]
[White "Asrian Karen"]
[Black "Ponomariov Ruslan"]
[Result "1/2-1/2"]
[WhiteElo "2646"]
[BlackElo "2738"]
[PlyCount "35"]
[EventDate "2006.??.??"]
[Source "www.chesslib.no"]
[SourceDate "2004.05.04"]

1. e4 e5 2. Nf3 Nc6 3. Bb5 a6 4. Ba4 Nf6 5. d3 b5 6. Bb3 Be7 7. Nc3 O-O 8. Bd2 d6 9. Nd5 Nxd5 10. Bxd5 Qe8 11. O-O Be6 12. a4 Bf6 13. axb5 axb5 14. Rxa8 Qxa8 15. c4 bxc4 16. dxc4 Rb8 17. Bc3 Bxd5 18. cxd5 1/2-1/2

[Event "Amber-blind 13th"]
[Site "Monaco"]
[Date "2004.04.01"]
[Round "11"]
[White "Vallejo Pons, Francisco"]
[Black "Ivanchuk, Vassily"]
[Result "0-1"]
[WhiteElo "2663"]
[BlackElo "2716"]
[PlyCount "84"]
[EventDate "2004.03.20"]
[Source "ChessBase"]
[SourceDate "2004.05.04"]

1. e4 e5 2. Nf3 Nc6 3. Bb5 a6 4. Ba4 Nf6 5. d3 d6 6. c3 g6 7. Nbd2 Bg7 8. Nf1 b5 9. Bc2 d5 10. Bg5 h6 11. Bh4 Qd6 12. N1d2 O-O 13. O-O Re8 14. exd5 Nxd5 15. Ne4 Qf8 16. Bb3 Be6 17. d4 exd4 18. cxd4 Na5 19. Nc5 Nxb3 20. axb3 Bg4 21. h3 Bxf3 22. Qxf3 Bxd4 23. Nd7 Qd6 24. Rfd1 Qxd7 25. Rxd4 c6 26. Bg3 Re6 27. Kh2 Qe7 28. Rd2 h5 29. Rd4 Qc5 30. Rad1 Rae8 31. b4 Qc2 32. R4d2 Qc4 33. Rd4 Qe2 34. Qa3 g5 35. h4 gxh4 36. Bxh4 Rg6 37. Qxa6 Ne3 38. Rg1 Ng4+ 39. Kh1 Qe5 40. Rxg4 Rxg4 41. Bg3 Qf6 42. Qa7 Rh4+ 0-1

[Event "Camp. russo a squadre 2007"]
[Site "Sochi RUS"]
[Date "2007.05.10"]
[Round "9"]
[White "Akopian, Vl"]
[Black "Kasimdzhanov, R."]
[Result "1-0"]
[WhiteElo "2698"]
[BlackElo "2677"]
[PlyCount "91"]
[EventDate "2007.05.02"]
[Source "www.chesslib.no"]
[SourceDate "2004.05.04"]

1. e4 e5 2. Nf3 Nc6 3. Bb5 a6 4. Ba4 Nf6 5. d3 Bc5 6. c3 b5 7. Bb3 d6 8. O-O h6 9. Nbd2 O-O 10. Re1 Bb6 11. Nf1 Ne7 12. Ng3 Ng6 13. h3 Re8 14. d4 c5 15. Bc2 cxd4 16. cxd4 exd4 17. b4 Ne5 18. Bb2 Nxf3+ 19. Qxf3 Be6 20. Rad1 Rc8 21. Bb3 Bxb3 22. axb3 d5 23. e5 Nd7 24. Qxd5 Nb8 25. Qe4 Nc6 26. f4 Nxb4 27. Kh2 Qd5 28. Bxd4 Qxe4 29. Rxe4 Bxd4 30. Rexd4 a5 31. Nf5 Rc2 32. Rd7 a4 33. bxa4 bxa4 34. Ra7 Nc6 35. Rxa4 Rb8 36. Rd3 Kh7 37. Rg3 g6 38. Nd6 Kg7 39. Nf5+ Kh7 40. Nd6 Kg7 41. Re4 Rc5 42. Re1 Rb4 43. e6 Rd4 44. Nxf7 Rxf4 45. e7 Nxe7 46. Nd8 1-0

[Event "Moscow RUS"]
[Site "?"]
[Date "2005.12.22"]
[Round "4"]
[White "Morozevich Alexander"]
[Black "Khalifman Alexander"]
[Result "1-0"]
[WhiteElo "2707"]
[BlackElo "2653"]
[PlyCount "107"]
[EventDate "2005.??.??"]
[Source "www.chesslib.no"]
[SourceDate "2004.05.04"]

1. e4 e5 2. Nf3 Nc6 3. Bb5 a6 4. Ba4 Nf6 5. d3 d6 6. c3 g6 7. Bg5 Bg7 8. Nbd2 O-O 9. Nf1 h6 10. Bh4 Ne7 11. Bb3 c6 12. Ne3 Qc7 13. h3 b5 14. g4 Bb7 15. Bxf6 Bxf6 16. g5 hxg5 17. Ng4 Kg7 18. Qd2 Ng8 19. h4 Qd7 20. Rg1 gxh4 21. Nxf6 Nxf6 22. Nxh4 Rh8 23. Qg5 Rxh4 24. Qxh4 Rh8 25. Qg5 Rh5 26. Qd2 c5 27. O-O-O c4 28. dxc4 Nxe4 29. Qe3 Rh3 30. f3 Nf6 31. c5 Rxf3 32. Qe1 a5 33. cxd6 a4 34. Bc2 Qe6 35. a3 Bd5 36. Qe2 e4 37. Qxb5 Qxd6 38. Qxa4 Qf4+ 39. Kb1 g5 40. Rxd5 Nxd5 41. Qxe4 Rf1+ 42. Rxf1 Qxf1+ 43. Ka2 Nf6 44. Qe5 g4 45. a4 Qf2 46. Qf5 Qe3 47. Bd1 g3 48. Bf3 Nd7 49. a5 Ne5 50. Bd5 f6 51. Qc8 Qf4 52. Qb7+ Kh6 53. Qb4 Qf2 54. Qd4 1-0

[Event "Olimpiadi 2008 - open"]
[Site "Dresda GER"]
[Date "2008.11.23"]
[Round "10"]
[White "Efimenko, Z."]
[Black "Postny, E."]
[Result "1-0"]
[WhiteElo "2680"]
[BlackElo "2674"]
[PlyCount "167"]
[EventDate "2008.11.13"]
[Source "www.chesslib.no"]
[SourceDate "2004.05.04"]

1. e4 e5 2. Nf3 Nc6 3. Bb5 a6 4. Ba4 Nf6 5. d3 b5 6. Bb3 Be7 7. a4 b4 8. O-O d6 9. Nbd2 O-O 10. h3 Na5 11. Ba2 c5 12. c3 Rb8 13. Re1 Qc7 14. Nc4 Be6 15. Nxa5 Bxa2 16. Rxa2 Qxa5 17. Bd2 bxc3 18. Bxc3 Qc7 19. Nd2 Nd7 20. Qg4 Nf6 21. Qg3 Nh5 22. Qf3 Nf4 23. Nc4 Qb7 24. Bd2 Ne6 25. Na5 Qc7 26. Nc4 Rb3 27. Bc3 Bg5 28. a5 Qc6 29. Qg4 Bd8 30. g3 Rb7 31. h4 Qd7 32. Ne3 f6 33. h5 Rf7 34. Nd5 Nc7 35. Qxd7 Rxd7 36. Nb6 Rf7 37. Nc4 Nb5 38. f4 Rfd7 39. Ne3 Na7 40. Kf2 Nc6 41. Nd5 Ne7 42. Ra4 Kf7 43. Kf3 Rb5 44. Rea1 Rdb7 45. Ne3 Rd7 46. Nd5 Nxd5 47. exd5 f5 48. g4 fxg4+ 49. Kxg4 Bf6 50. Rf1 Kg8 51. Re4 h6 52. fxe5 dxe5 53. Bxe5 Bxe5 54. Rxe5 Rb8 55. Rff5 Kh7 56. Re6 Rxb2 57. Rxa6 Rb4+ 58. Kf3 Rd4 59. d6 Rxd3+ 60. Ke4 R3xd6 61. Rxd6 Rxd6 62. Rxc5 Kg8 63. Ke5 Ra6 64. Kd5 g6 65. hxg6 Kg7 66. Kc4 Ra8 67. Kb5 Rh8 68. a6 h5 69. a7 h4 70. Kb6 h3 71. Kb7 h2 72. Rc1 h1=Q+ 73. Rxh1 Rxh1 74. a8=Q Rh6 75. Kc6 Rxg6+ 76. Kd5 Rf6 77. Ke5 Rg6 78. Qb7+ Kg8 79. Kf5 Rg7 80. Qb3+ Kh7 81. Qd5 Kh8 82. Kf6 Rg6+ 83. Kf7 Rg7+ 84. Kf8 1-0

[Event "World Cup"]
[Site "Khanty-Mansiysk RUS"]
[Date "2007.11.29"]
[Round "2.4"]
[White "Naiditsch, A."]
[Black "Carlsen, M."]
[Result "0-1"]
[WhiteElo "2639"]
[BlackElo "2714"]
[PlyCount "92"]
[EventDate "2007.11.24"]
[Source "www.chesslib.no"]
[SourceDate "2004.05.04"]

1. e4 e5 2. Nf3 Nc6 3. Bb5 a6 4. Ba4 Nf6 5. d3 b5 6. Bb3 Be7 7. a4 Rb8 8. axb5 axb5 9. Nc3 O-O 10. Nd5 Nxd5 11. exd5 Nd4 12. Nxd4 exd4 13. O-O d6 14. Bd2 Bd7 15. Ra5 Rb7 16. Re1 Bg5 17. Re4 Bf6 18. Qa1 Bf5 19. Re1 Be5 20. h3 Qh4 21. Qd1 Bd7 22. Qf3 Re8 23. Re4 Qd8 24. Qd1 h6 25. f4 Bf6 26. Rxe8+ Qxe8 27. Qe1 Qb8 28. Qa1 Qe8 29. Ra8 Rb8 30. Ra7 Rc8 31. Qe1 Qd8 32. Ba5 h5 33. Kh2 h4 34. Qb4 Be8 35. c4 dxc3 36. bxc3 g6 37. Bd1 Kg7 38. Rb7 Bd7 39. Rxc7 Rxc7 40. Qxd6 Qe8 41. Bxc7 Qe1 42. f5 Bxf5 43. Bg4 Bxc3 44. Qf4 Bxd3 45. Bf3 b4 46. Bb8 b3 0-1

[Event "I Open Ruy Lopez"]
[Site "Zafra SPA"]
[Date "2007.03.24"]
[Round "6"]
[White "Sasikiran, K."]
[Black "Sokolov, Iv"]
[Result "1/2-1/2"]
[WhiteElo "2700"]
[BlackElo "2652"]
[PlyCount "38"]
[EventDate "2007.03.24"]
[Source "www.chesslib.no"]
[SourceDate "2004.05.04"]

1. e4 e5 2. Nf3 Nc6 3. Bb5 a6 4. Ba4 Nf6 5. d3 Bc5 6. Be3 Bxe3 7. fxe3 d6 8. c3 b5 9. Bb3 Ne7 10. a4 b4 11. cxb4 Rb8 12. b5 axb5 13. axb5 c6 14. bxc6 Qb6 15. Ba4 Qxe3+ 16. Qe2 Qc1+ 17. Qd1 Qe3+ 18. Qe2 Qc1+ 19. Qd1 Qe3+ 1/2-1/2

[Event "8th It"]
[Site "Montreal CAN"]
[Date "2007.07.24"]
[Round "5"]
[White "Tiviakov, S."]
[Black "Eljanov, P."]
[Result "1-0"]
[WhiteElo "2648"]
[BlackElo "2701"]
[PlyCount "77"]
[EventDate "2007.07.19"]
[Source "www.chesslib.no"]
[SourceDate "2004.05.04"]

1. e4 e5 2. Nf3 Nc6 3. Bb5 a6 4. Ba4 Nf6 5. d3 d6 6. c3 g6 7. Bg5 Bg7 8. Nbd2 O-O 9. Nf1 h6 10. Bh4 b5 11. Bb3 Na5 12. Bc2 c5 13. Ne3 Be6 14. O-O Qd7 15. a3 Ng4 16. Nxg4 Bxg4 17. h3 Be6 18. Re1 f5 19. d4 f4 20. dxe5 g5 21. exd6 gxh4 22. e5 Nc6 23. b4 c4 24. a4 bxa4 25. Bxa4 Qb7 26. Bxc6 Qxc6 27. Nd4 Qd7 28. Qf3 Kh8 29. Ra5 Qf7 30. Rc5 Ra7 31. Qe4 Re8 32. Kf1 Rd7 33. Re2 Kg8 34. Ra2 Qh5 35. f3 Qg5 36. Rxa6 Bxh3 37. gxh3 Bxe5 38. Nf5 Qf6 39. Raa5 1-0

[Event "Camp. russo a squadre 2007"]
[Site "Sochi RUS"]
[Date "2007.05.08"]
[Round "7"]
[White "Akopian, Vl"]
[Black "Harikrishna, P."]
[Result "1/2-1/2"]
[WhiteElo "2698"]
[BlackElo "2650"]
[PlyCount "50"]
[EventDate "2007.05.02"]
[Source "www.chesslib.no"]
[SourceDate "2004.05.04"]

1. e4 e5 2. Nf3 Nc6 3. Bb5 a6 4. Ba4 Nf6 5. d3 b5 6. Bb3 Bc5 7. Nc3 h6 8. Nd5 d6 9. c3 O-O 10. O-O Rb8 11. d4 Ba7 12. Be3 Nxe4 13. Re1 Nf6 14. Nxf6+ Qxf6 15. dxe5 dxe5 16. Bxa7 Nxa7 17. Nxe5 Nc6 18. Qh5 Nxe5 19. Qxe5 Qxe5 20. Rxe5 Bb7 21. a4 Bc6 22. axb5 Rxb5 23. Rxb5 axb5 24. f3 Rd8 25. Ra7 Bd5 1/2-1/2

[Event "RUS"]
[Site "?"]
[Date "2006.04.27"]
[Round "8"]
[White "Jakovenko Dmitrij"]
[Black "Kobalija Mihail"]
[Result "1/2-1/2"]
[WhiteElo "2675"]
[BlackElo "2654"]
[PlyCount "30"]
[EventDate "2006.??.??"]
[Source "www.chesslib.no"]
[SourceDate "2004.05.04"]

1. e4 e5 2. Nf3 Nc6 3. Bb5 a6 4. Ba4 Nf6 5. d3 b5 6. Bb3 Bc5 7. Nc3 d6 8. Nd5 h6 9. c3 Be6 10. O-O Bxd5 11. Bxd5 Nxd5 12. exd5 Ne7 13. d4 exd4 14. Nxd4 O-O 15. Nc2 Qd7 1/2-1/2

[Event "I Open Ruy Lopez"]
[Site "Zafra SPA"]
[Date "2007.03.24"]
[Round "5"]
[White "Ponomariov, R."]
[Black "Fedorchuk, S."]
[Result "1/2-1/2"]
[WhiteElo "2723"]
[BlackElo "2601"]
[PlyCount "74"]
[EventDate "2007.03.24"]
[Source "www.chesslib.no"]
[SourceDate "2004.05.04"]

1. e4 e5 2. Nf3 Nc6 3. Bb5 a6 4. Ba4 Nf6 5. d3 d6 6. c3 Bd7 7. Bg5 Be7 8. Nbd2 h6 9. Bh4 Nh5 10. Bxc6 bxc6 11. Bxe7 Qxe7 12. g3 c5 13. Nc4 Nf6 14. Nfd2 Rb8 15. Qc2 c6 16. O-O-O Ng4 17. f3 Nf2 18. Nxd6+ Kf8 19. N2c4 Nxh1 20. Rxh1 h5 21. Qf2 Be6 22. f4 exf4 23. gxf4 Bxc4 24. Nxc4 Rd8 25. Kc2 Rh6 26. Rg1 Kg8 27. Rg5 h4 28. Rxc5 Rg6 29. Rh5 Qd7 30. Ne5 Qh3 31. Nxg6 Qxd3+ 32. Kb3 Qd1+ 33. Ka3 Qxh5 34. Ne7+ Kh7 35. Nxc6 Re8 36. e5 Qg4 37. Nd4 h3 1/2-1/2

[Event "Beer Sheva ISR, World Team Ch"]
[Site "?"]
[Date "2005.11.04"]
[Round "4"]
[White "Akopian Vladimir"]
[Black "Kaidanov Gregory S"]
[Result "1/2-1/2"]
[WhiteElo "2707"]
[BlackElo "2608"]
[PlyCount "40"]
[EventDate "2005.??.??"]
[Source "www.chesslib.no"]
[SourceDate "2004.05.04"]

1. e4 e5 2. Nf3 Nc6 3. Bb5 a6 4. Ba4 Nf6 5. d3 d6 6. c3 g6 7. Nbd2 Bg7 8. O-O O-O 9. Re1 b5 10. Bc2 Re8 11. a4 b4 12. a5 Rb8 13. Ba4 Bd7 14. Qc2 bxc3 15. bxc3 Na7 16. Nc4 Bxa4 17. Rxa4 h6 18. h3 Nc6 19. Ne3 Rb5 20. Qa2 Qd7 1/2-1/2

[Event "I Open Ruy Lopez"]
[Site "Zafra SPA"]
[Date "2007.03.24"]
[Round "4"]
[White "Spasov, V."]
[Black "Ponomariov, R."]
[Result "1/2-1/2"]
[WhiteElo "2588"]
[BlackElo "2723"]
[PlyCount "92"]
[EventDate "2007.03.24"]
[Source "www.chesslib.no"]
[SourceDate "2004.05.04"]

1. e4 e5 2. Nf3 Nc6 3. Bb5 a6 4. Ba4 Nf6 5. d3 b5 6. Bb3 Be7 7. Nc3 O-O 8. Bd2 d6 9. Nd5 Nxd5 10. Bxd5 Qe8 11. a4 Rb8 12. axb5 axb5 13. O-O Kh8 14. Ng5 Bxg5 15. Bxg5 f6 16. Be3 Be6 17. Bxc6 Qxc6 18. f4 f5 19. exf5 Rxf5 20. fxe5 Rxe5 21. Bf4 Rf5 22. Qe2 Bd5 23. Bg3 Rxf1+ 24. Rxf1 Re8 25. Qf2 h6 26. h3 Re6 27. Qf8+ Kh7 28. Rf2 Rg6 29. Kh2 Qc5 30. Qf5 Qe3 31. Qf4 Qe1 32. Qf5 Be6 33. Qxb5 Qe3 34. Rf3 Qe2 35. Rf2 Qe3 36. Rf3 Qe2 37. Qc6 h5 38. Rf2 Qe3 39. Qf3 Qc5 40. b4 Qg5 41. Bf4 Qf5 42. Bg3 Qg5 43. Qf4 Qxf4 44. Rxf4 Rf6 45. c3 Ba2 46. Bf2 Rg6 1/2-1/2

[Event "Camp. russo a squadre 2008"]
[Site "Dagomys RUS"]
[Date "2008.04.06"]
[Round "5"]
[White "Jakovenko, D."]
[Black "Korchnoi, V."]
[Result "1/2-1/2"]
[WhiteElo "2711"]
[BlackElo "2598"]
[PlyCount "88"]
[EventDate "2008.04.02"]
[Source "www.chesslib.no"]
[SourceDate "2004.05.04"]

1. e4 e5 2. Nf3 Nc6 3. Bb5 a6 4. Ba4 Nf6 5. d3 b5 6. Bb3 Be7 7. a4 Rb8 8. O-O O-O 9. Re1 d6 10. axb5 axb5 11. c3 Be6 12. Bxe6 fxe6 13. d4 Qd7 14. Nbd2 Ra8 15. Rxa8 Rxa8 16. Qb3 exd4 17. cxd4 Na5 18. Qc2 Rc8 19. Qb1 Nc6 20. Qd3 Nd8 21. d5 e5 22. Nf1 c5 23. dxc6 Qxc6 24. Bg5 Qc4 25. Qb1 Qc2 26. Qa2+ Qc4 27. Qb1 Qc2 28. Qa2+ Qc4 29. Qa6 Rc6 30. Qa7 Rc7 31. Qa5 Ne6 32. Ne3 Qxe4 33. Bxf6 Bxf6 34. Qxb5 Qb7 35. Qe8+ Nf8 36. Nf5 Rd7 37. Re2 Qa6 38. Ng3 Rd8 39. Qh5 Qa1+ 40. Nf1 Rc8 41. N3d2 Qxb2 42. Ne4 Qb8 43. Rd2 Be7 44. Qd1 Ne6 1/2-1/2

[Event "Moscow RUS"]
[Site "?"]
[Date "2005.02.23"]
[Round "9"]
[White "Akopian Vladimir"]
[Black "Kharlov Andrei"]
[Result "1-0"]
[WhiteElo "2693"]
[BlackElo "2614"]
[PlyCount "75"]
[EventDate "2005.??.??"]
[Source "www.chesslib.no"]
[SourceDate "2004.05.04"]

1. e4 e5 2. Nf3 Nc6 3. Bb5 a6 4. Ba4 Nf6 5. d3 d6 6. c3 Be7 7. Nbd2 O-O 8. O-O b5 9. Bc2 Re8 10. d4 Bf8 11. h3 exd4 12. cxd4 h6 13. Re1 Bb7 14. b3 Nb4 15. Bb1 d5 16. e5 Ne4 17. Nxe4 dxe4 18. Bxe4 Bxe4 19. Rxe4 c5 20. Qe2 Rc8 21. dxc5 Bxc5 22. Ba3 Qa5 23. Bxb4 Bxb4 24. Rd1 Bc3 25. g4 Qc7 26. e6 fxe6 27. Rxe6 Qf7 28. Rdd6 Rxe6 29. Rxe6 a5 30. Qe4 Bf6 31. Kg2 Qd7 32. h4 Rf8 33. g5 hxg5 34. hxg5 Bd8 35. g6 Bf6 36. a4 Bd8 37. Re5 Rf6 38. axb5 1-0

[Event "Bundesliga 2007-8"]
[Site "Werder Bremen GER"]
[Date "2007.12.09"]
[Round "6"]
[White "Bacrot, E."]
[Black "Gustafsson, J."]
[Result "1/2-1/2"]
[WhiteElo "2695"]
[BlackElo "2606"]
[PlyCount "116"]
[EventDate "2007.10.19"]
[Source "www.chesslib.no"]
[SourceDate "2004.05.04"]

1. e4 e5 2. Nf3 Nc6 3. Bb5 a6 4. Ba4 Nf6 5. d3 b5 6. Bb3 Be7 7. a4 Rb8 8. axb5 axb5 9. Nc3 O-O 10. O-O d6 11. Nd5 Nxd5 12. exd5 Nd4 13. Nxd4 exd4 14. Bd2 Bd7 15. Ra5 Ra8 16. Qa1 Qc8 17. Qa2 Qb7 18. Ra1 Rxa5 19. Qxa5 Rc8 20. Qa7 Qxa7 21. Rxa7 Kf8 22. Ba5 Bd8 23. Kf1 f5 24. Ke2 Ke8 25. f4 h6 26. Kd2 g5 27. g3 Ke7 28. c4 dxc3+ 29. bxc3 Ke8 30. d4 Kf7 31. Bc2 Kg6 32. Bd1 Be8 33. Bf3 g4 34. Bg2 h5 35. h4 gxh3 36. Bxh3 Bf7 37. Bg2 Kf6 38. Bf3 Ke7 39. Rb7 Kd7 40. Rxb5 Ra8 41. c4 Bf6 42. c5 Kc8 43. Bc3 Ra2+ 44. Ke3 Ra3 45. Kd3 dxc5 46. Rxc5 Be7 47. Rb5 Bd6 48. Rb1 Kd7 49. Rb8 Ke7 50. Kc2 Ra2+ 51. Bb2 Ba3 52. Kb1 Rxb2+ 53. Rxb2 Bxb2 54. Kxb2 Kd6 55. Kc3 Bxd5 56. Bxh5 c5 57. Be2 cxd4+ 58. Kxd4 Be6 1/2-1/2

[Event "Beer Sheva ISR, World Team Ch"]
[Site "?"]
[Date "2005.11.01"]
[Round "1"]
[White "Asrian Karen"]
[Black "Avrukh Boris"]
[Result "1-0"]
[WhiteElo "2645"]
[BlackElo "2653"]
[PlyCount "77"]
[EventDate "2005.??.??"]
[Source "www.chesslib.no"]
[SourceDate "2004.05.04"]

1. e4 e5 2. Nf3 Nc6 3. Bb5 a6 4. Ba4 Nf6 5. d3 d6 6. c3 g6 7. Nbd2 Bg7 8. O-O O-O 9. Re1 h6 10. Nf1 b5 11. Bc2 Bb7 12. a4 b4 13. a5 Rb8 14. Bd2 Ba8 15. Ne3 bxc3 16. bxc3 d5 17. exd5 Nxd5 18. Ng4 e4 19. dxe4 Nxc3 20. Nxh6+ Kh8 21. Qc1 Nb4 22. Bxc3 Bxc3 23. Nf5 Bg7 24. Nxg7 Kxg7 25. Bb1 Qe7 26. Ra3 c5 27. e5 Rbd8 28. e6 Bxf3 29. Rxf3 f5 30. Rh3 Rh8 31. Rxh8 Rxh8 32. Qc3+ Kg8 33. Qg3 Kh7 34. h4 Rf8 35. h5 gxh5 36. Re5 Nc6 37. Bxf5+ Kh8 38. Rd5 Nd4 39. Bd3 1-0

[Event "Poikovsky RUS"]
[Site "?"]
[Date "2005.03.01"]
[Round "4"]
[White "Sadvakasov Darmen"]
[Black "Onischuk Alexander"]
[Result "0-1"]
[WhiteElo "2635"]
[BlackElo "2652"]
[PlyCount "82"]
[EventDate "2005.??.??"]
[Source "www.chesslib.no"]
[SourceDate "2004.05.04"]

1. e4 e5 2. Nf3 Nc6 3. Bb5 a6 4. Ba4 Nf6 5. d3 d6 6. c3 g6 7. O-O Bg7 8. Nbd2 O-O 9. Bxc6 bxc6 10. d4 exd4 11. cxd4 Re8 12. Re1 Bg4 13. Qc2 c5 14. dxc5 d5 15. e5 Nd7 16. b4 Nxe5 17. Nxe5 Bxe5 18. Bb2 d4 19. Qd3 Bf5 20. Qc4 Be6 21. Qd3 Bf5 22. Qc4 Be6 23. Qd3 Bg7 24. Nf3 Qd5 25. Rad1 Bf5 26. Rxe8+ Rxe8 27. Qxa6 Be4 28. Qa4 Rb8 29. Qa3 Bxf3 30. gxf3 Qc4 31. Bc1 Qxb4 32. Qxb4 Rxb4 33. Bf4 c6 34. Re1 f5 35. Re8+ Kf7 36. Rd8 Bf6 37. Rd7+ Ke8 38. Rd6 Be7 39. Rxc6 d3 40. Rc8+ Kd7 41. Rc7+ Kd8 0-1

[Event "Open Aeroflot"]
[Site "Mosca RUS"]
[Date "2007.02.20"]
[Round "7"]
[White "Efimenko, Z."]
[Black "Sargissian, G."]
[Result "1/2-1/2"]
[WhiteElo "2616"]
[BlackElo "2658"]
[PlyCount "92"]
[EventDate "2007.02.14"]
[Source "www.chesslib.no"]
[SourceDate "2004.05.04"]

1. e4 e5 2. Nf3 Nc6 3. Bb5 a6 4. Ba4 Nf6 5. d3 b5 6. Bb3 Be7 7. a4 b4 8. Nbd2 O-O 9. Nc4 d6 10. h3 Be6 11. O-O Nd7 12. Be3 Rb8 13. Qe2 Bf6 14. Ncd2 Re8 15. Bc4 Qc8 16. Bxe6 Rxe6 17. Nc4 Re8 18. Nh2 Qd8 19. g3 g6 20. Ng4 Bg7 21. Qd2 Qe7 22. Rae1 h5 23. Nh2 Qe6 24. Nf3 Bf6 25. h4 d5 26. exd5 Qxd5 27. Qe2 b3 28. c3 e4 29. dxe4 Rxe4 30. Nfd2 Re6 31. Qf3 Qxf3 32. Nxf3 Nde5 33. Nfxe5 Nxe5 34. Nxe5 Bxe5 35. Kg2 Rbe8 36. Rd1 Rc6 37. Rd5 Bd6 38. Kf3 Rc4 39. Ra5 Ra8 40. Rd1 f5 41. Rd4 Rxd4 42. cxd4 c5 43. Bf4 Be7 44. Bg5 Bd6 45. Bf4 Be7 46. Bg5 Bd6 1/2-1/2

[Event "EU-ch 2nd playoff g5'"]
[Site "Ohrid"]
[Date "2001.06.15"]
[Round "1.3"]
[White "Almasi, Zoltan"]
[Black "Piket, Jeroen"]
[Result "0-1"]
[WhiteElo "2640"]
[BlackElo "2628"]
[PlyCount "98"]
[EventDate "2001.06.15"]
[Source "ChessBase"]
[SourceDate "2001.09.13"]

1. e4 e5 2. Nf3 Nc6 3. Bb5 a6 4. Ba4 Nf6 5. d3 d6 6. c3 g6 7. Nbd2 Bg7 8. Nf1 O-O 9. Ng3 Bd7 10. O-O Qe7 11. Re1 Rae8 12. h3 h6 13. d4 Qd8 14. Bb3 Kh7 15. Bc2 b5 16. a4 Qb8 17. axb5 axb5 18. Be3 Qb7 19. d5 Ne7 20. Ra7 Qb8 21. Nh2 Nc8 22. Ra1 Qb7 23. b3 c5 24. dxc6 Bxc6 25. Ng4 Ng8 26. h4 h5 27. Nh2 Bh6 28. Nf3 f6 29. Nf1 Re7 30. b4 Rd7 31. N1d2 d5 32. Qb1 Nce7 33. Ra7 Qc8 34. Rxd7 Qxd7 35. Bc5 Rd8 36. exd5 Bxd5 37. Ne4 Qc6 38. Rd1 Rd7 39. Ng3 Bxf3 40. gxf3 f5 41. Rxd7 Qxd7 42. Bd3 Nd5 43. Nxf5 Nf4 44. Nxh6 Nxh6 45. Bf1 Nf5 46. Be3 Nxh4 47. Bxf4 Nxf3+ 48. Kg2 exf4 49. Qe4 Qg4+ 0-1

[Event "Moscow RUS"]
[Site "?"]
[Date "2005.02.15"]
[Round "1"]
[White "Radjabov Teimour"]
[Black "Ganguly Surya Shekhar"]
[Result "1/2-1/2"]
[WhiteElo "2667"]
[BlackElo "2585"]
[PlyCount "44"]
[EventDate "2005.??.??"]
[Source "www.chesslib.no"]
[SourceDate "2004.05.04"]

1. e4 e5 2. Nf3 Nc6 3. Bb5 a6 4. Ba4 Nf6 5. d3 b5 6. Bb3 Bc5 7. Nc3 d6 8. Nd5 h6 9. c3 Rb8 10. O-O O-O 11. Re1 Re8 12. h3 a5 13. a4 b4 14. Bc4 Nxd5 15. Bxd5 Ne7 16. Bc4 bxc3 17. bxc3 Ng6 18. d4 Bb6 19. Bb5 Bd7 20. Bxd7 Qxd7 21. Qd3 Qe6 22. Bd2 Re7 1/2-1/2

[Event "NED-ch op 5'"]
[Site "?"]
[Date "2002.02.15"]
[Round "?"]
[White "Speelman Jonathan S"]
[Black "Sokolov Ivan"]
[Result "1/2-1/2"]
[WhiteElo "2595"]
[BlackElo "2655"]
[PlyCount "113"]
[EventDate "2002.??.??"]
[Source "www.chesslib.no"]
[SourceDate "2004.05.04"]

1. e4 e5 2. Nf3 Nc6 3. Bb5 a6 4. Ba4 Nf6 5. d3 Bc5 6. c3 d6 7. O-O b5 8. Bc2 Bg4 9. Nbd2 O-O 10. h3 Bh5 11. Re1 Nd7 12. Nf1 Bb6 13. Ng3 Bg6 14. d4 Re8 15. a3 h6 16. Bb3 Nf6 17. Bc2 Bh7 18. d5 Ne7 19. a4 Qd7 20. Be3 Bxe3 21. Rxe3 Ng6 22. Bd3 Nf4 23. Bf1 c6 24. dxc6 Qxc6 25. Nd2 d5 26. exd5 Qxd5 27. Nf3 Qxd1 28. Rxd1 e4 29. Nd4 bxa4 30. Nc6 Rac8 31. Na5 Nd3 32. Nxe4 Nxb2 33. Nxf6+ gxf6 34. Rxe8+ Rxe8 35. Ra1 Rc8 36. Ra2 Rb8 37. Nc6 Rb6 38. Nb4 Nd1 39. Nd5 Rb1 40. Nxf6+ Kg7 41. Nxh7 Nxc3 42. Ra3 Ne2+ 43. Kh2 Rxf1 44. f3 Kxh7 45. Rxa4 Rd1 46. Rxa6 Rd2 47. Ra4 Kg6 48. h4 h5 49. Kh3 Rd4 50. Ra6+ f6 51. g4 hxg4+ 52. fxg4 Rd3+ 53. Kg2 Nf4+ 54. Kf2 Rh3 55. g5 Nh5 56. gxf6 Nxf6 57. Ra4 1/2-1/2

[Event "I Open Ruy Lopez"]
[Site "Zafra SPA"]
[Date "2007.03.24"]
[Round "6"]
[White "Spasov, V."]
[Black "Sargissian, G."]
[Result "0-1"]
[WhiteElo "2588"]
[BlackElo "2658"]
[PlyCount "80"]
[EventDate "2007.03.24"]
[Source "www.chesslib.no"]
[SourceDate "2004.05.04"]

1. e4 e5 2. Nf3 Nc6 3. Bb5 a6 4. Ba4 Nf6 5. d3 b5 6. Bb3 Be7 7. Nc3 d6 8. Nd5 Na5 9. Nxe7 Qxe7 10. Bg5 h6 11. Bh4 Nxb3 12. axb3 Bg4 13. h3 Bd7 14. Nd2 a5 15. Nf1 g5 16. Bg3 d5 17. exd5 Nxd5 18. Ne3 Nf4 19. h4 Ra6 20. hxg5 Qxg5 21. Qd2 h5 22. Bh4 Nxg2+ 23. Nxg2 Qxg2 24. O-O-O Be6 25. Qc3 Kd7 26. Qxe5 Rb8 27. Bg3 Qc6 28. Rxh5 Kc8 29. Qd4 Qd7 30. Qe4 Rc6 31. Kb1 Bg4 32. Rh8+ Kb7 33. Rxb8+ Kxb8 34. Rh1 Kb7 35. Rh8 Bd1 36. c4 f5 37. Qe3 Bxb3 38. cxb5 Re6 39. Qf3+ Bd5 40. Qf4 Re1+ 0-1